Lessons for first grade:teaching arithmetic/Stephanie Sheffield (Registro nro. 18317)

Detalles MARC
000 -LEADER
fixed length control field 00473nam a22001811a 4500
001 - CONTROL NUMBER
control field 18317
003 - CONTROL NUMBER IDENTIFIER
control field OSt
005 - DATE AND TIME OF LATEST TRANSACTION
control field 20260204212400.0
008 - FIXED-LENGTH DATA ELEMENTS--GENERAL INFORMATION
fixed length control field 170825s2001||||-us||||||b||||||||||eng||
020 ## - NUMERO DE LIBRO INTERNACIONAL NORMALIZADO
International Standard Book Number 0941355349
082 ## - DEWEY DECIMAL CLASSIFICATION NUMBER
Classification number 420 SH542l
100 ## - ASIENTO PRINCIPAL -- NOMBRE PERSONAL
Personal name Shffield, Stephanie
245 ## - TÍTULO PROPIAMENTE DICHO: SUBTÍTULO
Title Lessons for first grade:teaching arithmetic/Stephanie Sheffield
264 ## - PRODUCTION, PUBLICATION, DISTRIBUTION, MANUFACTURE, AND COPYRIGHT NOTICE
Place of production, publication, distribution, manufacture Estados Unidos:Math Solutions Publications
300 ## - PHYSICAL DESCRIPTION
Extensión 157 p.
650 ## - ASIENTO SECUNDARIO DE MATERIA -- TERMINO TEMÁTICO
Termino Temático Como Elemento de Entrada InglésÌ
942 ## - ADDED ENTRY ELEMENTS (KOHA)
Source of classification or shelving scheme Dewey Decimal Classification
Koha item type Libros
Existencias
Withdrawn status Lost status Source of classification or shelving scheme Damaged status Not for loan Current library Date acquired Total Checkouts Full call number Barcode Date last seen Price effective from Koha item type
    Dewey Decimal Classification     Biblioteca UTECO 09/09/2019   420 SH542L 017855 09/09/2019 09/09/2019 Libros
© 2021 Derechos Reservados UTECO - Teléfono: +1 809-585-2291 - Correo electrónico: biblioteca@uteco.edu.do​  
Código postal 43000 ​​
Dirección: Avenida Universitaria No. 100, 
Cotuí, Provincia Sánchez Ramírez, República Dominicana - RNC: 404-00059-6